Vista normal
Vista MARC
- González Aguirre, Wilda Mariela
Entrada Nombre personal
Número de registros utilizados en: 1
001 - NÚMERO DE CONTROL
- campo de control: 11784
003 - IDENTIFICADOR DE NÚMERO DE CONTROL
- campo de control: gtgcusco
005 - FECHA Y HORA DE LA ÚLTIMA TRANSACCIÓN
- campo de control: 20250331114657.0
008 - ELEMENTOS DE DATO DE LONGITUD-FIJA
- campo de control de longitud fija: 250331|| aca||aabn | a|a d
040 ## - FUENTE DE CATALOGACIÓN
- Centro catalogador/agencia de origen: gtgcusco
- Centro/agencia transcriptor: gtgcusco
100 ## - ENCABEZAMIENTO-NOMBRE DE PERSONA
- Nombre de persona: González Aguirre, Wilda Mariela
670 ## - FUENTE DE DATOS ENCONTRADOS
- Cita de la fuente: Work cat.: (gtgcusco)4709: González Aguirre, Wilda Mariela, Prevalencia, severidad y extensión de la enfermedad periodontal en el municipio de Chicacao, Suchitepéquez: estudio entre padres, hijos y hermanos., 2002

